Statistiques concernant Géographie de la Suisse.

Cliquez ici pour prendre le quiz!

Statistiques générales

  • Ce quiz a été pris 662 fois
  • Le résultat moyen est 15 sur 17

Statistiques - réponses

QuestionsRéponses% Correct
Avec quel pays la Suisse a-t-elle sa plus grande frontière?Italie
100%
Quelles langues sont parlées en Suisse?Allemand
97%
Français
97%
Quelle est la plus grande ville francophone?Genève
96%
Italien
96%
Quel est le plus grand lac suisse?Lac {Léman}
96%
Quel massif montagneux occupe la plus grande surface de la Suisse?Alpes
95%
Quelle est la plus grande ville de suisse?Zurich
95%
Avec quel pays possède-t-elle sa plus petite frontière?Liechtenstein
92%
De combien de cantons?26
87%
Quels sont les deux plus grand fleuves de Suisse?Rhin
86%
Rhône
86%
Romanche
85%
De combien de grandes régions est composée la Suisse?7
78%
Quel autre chaîne de montagne est présente en Suisse?Jura
76%
Quel est le plus grand Canton suisse?Grisons
70%
Quel est le point culminant de la Suisse?Pointe {Dufour}
54%

Distribution des résultats

Percentile par nombre de réponses

% des personnes avec chaque résultat

Votre développement - résultats

Vous n’avez pas pris ce quiz